01387cam a22003254a 45000010009000000050017000090080041000260100017000670350025000840400013001090410013001220820016001351000030001512450087001812460012002682460066002802460056003462460012004022600064004143000057004785000140005355000136006755460033008116000044008446500033008886500032009216500034009536500031009877100043010181593953820220326193341.0091005s2006 cl a c f000 0 spa  a 2009500553 a(CVcHKB)kb2001091115 aDLCcDLC0 aspabeng a708bC238on1 aCapelán, Carlos,d1948-10aCarlos Capelán :bonlyyou + post-colonial liberation army (rematerialización).30aOnlyyou30aOnlyyou + post-colonial liberation army (rematerialización)30aPost-colonial liberation army (rematerialización)3 aPCLA(r) a[Santiago, Chile :bMuseo Nacional de Bellas Artes,c2006?] a57 p. :bcol. ill. ;c24 cm. +e1 CD-ROM (4 3/4 in.) aCatalog accompanies exhibitions held at Montevideo, Santiago de Chile, Guayaquil, Ecuador, and San José de Costa Rica held 2005-2006. aCD-ROM includes texts of PCLA(r) (bajo la forma de falsos videos), texts in English, some digital images and the artist's resumé. aSummary ("Note") in English.10aCapelán, Carlos,d1948-vExhibiciones 0aConceptual artvExhibitions. 0aArte UruguayoxExposiciones 0aArte ConceptualxExhibiciones 0aCatálogo (internacional)2 aMuseo Nacional de Bellas Artes (Chile)